China's chance to lead: (Record no. 761013)
[ view plain ]
| 000 -LEADER | |
|---|---|
| fixed length control field | 00446nam a22001337a 4500 |
| 020 ## - INTERNATIONAL STANDARD BOOK NUMBER | |
| ISBN | 9781009385886 |
| 082 ## - DEWEY DECIMAL CLASSIFICATION NUMBER | |
| Classification number | 338.951 CAR?C |
| 100 ## - MAIN ENTRY--AUTHOR NAME | |
| Personal name | Carney , Richard W |
| 245 ## - TITLE STATEMENT | |
| Title | China's chance to lead: |
| Sub Title | acquiring global influence via infrastructure development and digitalization/ |
| Statement of responsibility, etc | By Richard W.Carney |
| 260 ## - PUBLICATION, DISTRIBUTION, ETC. (IMPRINT) | |
| Place of publication | . - U K |
| Name of publisher | : Cambridge University press |
| Year of publication | , 2024 |
| 300 ## - PHYSICAL DESCRIPTION | |
| Number of Pages | xix+365 pages |
| 942 ## - ADDED ENTRY ELEMENTS (KOHA) | |
| Source of classification or shelving scheme | Dewey Decimal Classification |
| Koha item type | Reference |
| Withdrawn status | Lost status | Source of classification or shelving scheme | Damaged status | Not for loan | Home Library | Current Location | Shelving location | Date acquired | Full call number | Accession Number | Price effective from | Koha item type |
|---|---|---|---|---|---|---|---|---|---|---|---|---|
| Dewey Decimal Classification | Dept. of Political Science | Dept. of Political Science | Reference | 27/01/2026 | 338.951 CAR?C | POL23886 | 24/06/2026 | Reference |
